Loading...
Literature - World Literature | 0 | 4 | 1 | 1 | 35 | 88 | 113.50 | 0 | 4 |
Science - Chemistry | 0 | 4 | 1 | 1 | 35 | 107 | 121.25 | 0 | 3 |
Social Science | 0 | 4 | 1 | 3 | 35 | 111 | 121.50 | 1 | 2 |
Literature - British Literature | 0 | 3 | 0 | 0 | 30 | 95 | 119.00 | 0 | 3 |
History - Ancient History | 0 | 3 | 1 | 1 | 25 | 126 | 128.00 | 1 | 2 |
History - European History | 0 | 4 | 3 | 2 | 25 | 95 | 115.75 | 1 | 4 |
History - American History | 0 | 3 | 1 | 1 | 25 | 99 | 109.67 | 0 | 3 |
Literature - European Literature | 0 | 3 | 1 | 0 | 25 | 100 | 131.67 | 0 | 1 |
Geography | 0 | 3 | 1 | 0 | 25 | 89 | 93.33 | 2 | 3 |
Literature - American Literature | 0 | 3 | 1 | 1 | 25 | 104 | 125.33 | 1 | 2 |
Beliefs | 0 | 4 | 4 | 3 | 20 | 132 | 139.75 | 0 | 3 |
Science - Other Science | 0 | 2 | 0 | 0 | 20 | 132 | 132.50 | 1 | 2 |
History - World History | 0 | 3 | 2 | 0 | 20 | 94 | 104.33 | 2 | 3 |
Science - Biology | 0 | 4 | 4 | 2 | 20 | 111 | 116.25 | 0 | 3 |
Philosophy | 0 | 2 | 1 | 2 | 15 | 106 | 114.00 | 1 | 2 |
Science - Physics | 0 | 3 | 3 | 0 | 15 | 128 | 129.33 | 1 | 3 |
Fine Arts - Other Arts | 0 | 2 | 1 | 2 | 15 | 126 | 126.00 | 0 | 1 |
Auditory Arts | 0 | 2 | 2 | 1 | 10 | 113 | 116.50 | 0 | 1 |
History - Other History | 0 | 1 | 0 | 0 | 10 | 117 | 117.00 | 0 | 1 |
Current Events | 0 | 1 | 1 | 1 | 5 | 124 | 124.00 | 0 | 1 |
Visual Arts | 0 | 1 | 1 | 0 | 5 | 97 | 97.00 | 0 | 1 |